000 01778nam a2200349 4500
001 214
003 OSt
005 20250902095129.0
008 250203b |||||||g |||| 00| 1 eng d
020 _a8506037328
040 _bpor
041 _heng
_apor
082 _a028.5
_bD754su
100 1 _aDoyle, Arthur Conan,
_d1859-1930
_9388
240 _aThe adventures of Sherlock Holmes
245 _aSherlock Holmes:
_bO último adeus de Sherlock Holmes /
_cDoyle, Arthur Conan ; Tradução de Antonio Carlos Vilela
260 _aSão Paulo
_bMelhoramentos
_c2003
300 _a144 p.
520 _aSherlock Holmes ainda hoje é um dos mais atrantes personangens dos romances policiais. Desvendar crimes que pareciam insolúveis até mesmo para a Scotland Yard, a famosa polícia inglesa, fez do seu nome um sinônimo de "detetive". E, como a vida parece mesmo imitar a ficção, a imortal criação de Sir Arthur Conan Doyle continua a despertar o interesse de jovens e adultos, de tal forma que seu endereço fictício - 221B, Baker Street - abriga hoje o museu do ilustre detetive, atraindo visitantes do mundo inteiro. As fascinantes aventuras de Sherlock Holmes, escritas ao longo de quase quarenta anos, são agora apresentadas integralmente em nova tradução para o português, realizada por Antonio Carlos Vilela, autor de livros juvenis de muito sucesso.
650 0 _aLiteratura Inglesa
_989
650 0 _aAdaptação
_9788
650 0 _aCrime e Investigação
_913
650 0 _aRomance Policial
_911
650 0 _aSuspense
_910
650 0 _aMistério
_942
650 0 _aClássicos
_977
650 0 _aFilme
_926
655 0 _aRomance
_923
655 0 _aFicção
_922
700 1 _aVilela, Antonio Carlos,
_d1966-
_eTradutor
_91015
942 _2ddc
_n0
_cBK
999 _c214
_d214